Věk diskontinuity : Obraz měníci se společnosti /
Guardado en:
| Autor principal: | |
|---|---|
| Formato: | Libro |
| Lenguaje: | checo |
| Publicado: |
Praha :
Management Press, Profit, a.s,
1994
|
| Edición: | 1.vyd. |
| Materias: | |
| Etiquetas: |
Sin Etiquetas, Sea el primero en etiquetar este registro!
|
MARC
| LEADER | 00000nam a22000003a 4500 | ||
|---|---|---|---|
| 001 | stu9243 | ||
| 005 | 20150617225807.2 | ||
| 008 | 961118s1994----xr------------------cze-d | ||
| 020 | |a 80-85603-44-6 | ||
| 040 | |a STU |b slo | ||
| 041 | 0 | |a cze | |
| 044 | |a xr | ||
| 080 | |a 338.2 | ||
| 100 | 1 | |a Drucker, Peter F |4 aut | |
| 245 | 1 | |a Věk diskontinuity : |b Obraz měníci se společnosti / |c [aut.] Drucker,Peter F | |
| 250 | |a 1.vyd. | ||
| 260 | |a Praha : |b Management Press, Profit, a.s, |c 1994 | ||
| 300 | |a 377 s | ||
| 650 | 7 | |a hospodárska politika |2 stusub | |
| 650 | 7 | |a hospodárske riadenie |2 stusub | |
| 650 | 7 | |a ekonomický rozvoj |2 stusub | |
| 650 | 7 | |a znalostné inžinierstvo |2 stusub | |
| 996 | |b 284J016746 |c J*90797 |l JJSK |s A |a 24 |w stu9243_0001 | ||
| 996 | |b E80852 |c R*80852 |l RRUM |s A |a 24 |w stu9243_0002 | ||